Score 0/14 Timer 02:00
21 Plays Today
Country % Correct
Pakistan
90.3%
Afghanistan
87.9%
Turkmenistan
84.8%
Kazakhstan
83.6%
Uzbekistan
83.3%
Iran
78.8%
Tajikistan
78.4%
Country % Correct
Japan
78.2%
Kyrgyzstan
77.1%
Azerbaijan
68%
Oman
66.9%
Bhutan
61.8%
Jordan
57.6%
Taiwan
54.7%
Remove Ads.
Support Sporcle.
Get the best of Sporcle when you Go Orange. This ad-free experience offers more features, more stats, and more fun while also helping to support Sporcle. Thank you for becoming a member.

You're not logged in!

Compare scores with friends on all Sporcle quizzes.
OR
Log In

Show Comments

Extras

Top Quizzes Today


Score Distribution

Your Account Isn't Verified!

In order to create a playlist on Sporcle, you need to verify the email address you used during registration. Go to your Sporcle Settings to finish the process.

Report this User

Report this user for behavior that violates our Community Guidelines.

Details: